Tô-Mat Man Truyện ký danh nhân
Đã lưu trong:
| Príomhúdar: | |
|---|---|
| Údair Eile: | |
| Formáid: | Leabhar |
| Teanga: | Vietnamese |
| Foilsithe: |
H.
Văn Hóa
1985
|
| Ábhair: | |
| Clibeanna: |
Cuir Clib Leis
Gan Chlibeanna, Bí ar an gcéad duine leis an taifead seo a chlibeáil!
|
| Thư viện lưu trữ: | Mạng thư viện Đại học Đà Nẵng |
|---|
| LEADER | 01093nam a2200349 4500 | ||
|---|---|---|---|
| 001 | 000006882 | ||
| 003 | 3042 | ||
| 005 | 20110923140926.0 | ||
| 008 | 110922s1985 viesd | ||
| 020 | |c 6500đ | ||
| 041 | 0 | |a vie | |
| 082 | |a 833.08 |b AP-X | ||
| 100 | 1 | |a Ap - X | |
| 245 | 0 | |a Tô-Mat Man |b Truyện ký danh nhân |c Ap - X ; Bích Thư; Nguyễn Chiến; Ngọc Trân dịch | |
| 260 | |a H. |b Văn Hóa |c 1985 | ||
| 300 | |a 268 tr |c 19 cm | ||
| 653 | |a Tô - Mat | ||
| 653 | |a man | ||
| 653 | |a truyện ký | ||
| 653 | |a danh nhân | ||
| 700 | |a Bích Thư... |e dịch | ||
| 910 | |a Nguyễn Thị Kim Oanh |d 22/09/2011 | ||
| OWN | |a LSP | ||
| AVA | |a UDN50 |b LSP |d 833.08 AP-X |e available |t Error 5001 Not defined in file expand_doc_bib_avail. |f 3 |g 2 |h N |i 0 |k 1 | ||
| 999 | |a From the UDN01 | ||
| AVA | |a UDN50 |b LSP |d 833.08 AP-X |e available |t Error 5001 Not defined in file expand_doc_bib_avail. |f 3 |g 2 |h N |i 0 |k 1 | ||
| TYP | |a Monograph | ||
| TYP | |a Printed language | ||
| 980 | |a Mạng thư viện Đại học Đà Nẵng | ||